| 000 | 02257nam a2200421 c 4500 | ||
|---|---|---|---|
| 001 | 58969 | ||
| 003 | CO-BoRNBP | ||
| 005 | 20250901154304.0 | ||
| 007 | ta | ||
| 008 | 210820r20182019ck er 000 0dspa d | ||
| 020 | _a9584260545 | ||
| 020 | _a9789584260543 | ||
| 040 |
_aCO-BoRNBP _bspa _erda _cCO-BoRNBP |
||
| 041 | 1 |
_aspa _heng |
|
| 082 | 0 | 4 |
_a338.064 _bA82r _222 |
| 100 |
_aAvent, Ryan _eaut _964499 |
||
| 245 | 1 | 3 |
_aLa riqueza de los humanos : _bel trabajo en el siglo XXI / _cRyan Avent ; traducción de Gemma Deza Guil. |
| 250 | _aSegunda edición | ||
| 264 | 1 |
_aBogotá, Colombia : _bAriel, _c2019 |
|
| 300 | _a379 páginas | ||
| 336 |
_atexto _btxt _2rdacontent |
||
| 337 |
_asin mediación _bn _2rdamedia |
||
| 338 |
_avolumen _bnc _2rdacarrier |
||
| 490 | _aAriel | ||
| 500 | _aEl material correspondiente a la dotación PNLB 2022, la fecha de reimpresión es 2019 | ||
| 500 | _aIncluye índice temático | ||
| 520 | _aEn un futuro próximo, incluso las sociedades más evolucionadas y estables serán objeto de una fuerte convulsión. Los cambios que se esperan originarán con ictos sociales y un resquebrajamiento de los pilares sobre los que se ha fundamentado el Estado moderno. Asimismo, los Estados cuentan con herramientas cada vez más avanzadas para el control ciudadano. Avent, especialista en historia económica y uno de los más célebres periodistas económicos del mundo, nos desgrana en este libro los cambios más significativos que experimentará el trabajo en el siglo XXI y apunta que lo que se requiere no es tanto una adaptación, sino un completo cambio de paradigma que reduzca los efectos que el impacto de la innovación va a tener en nuestras vidas | ||
| 521 | _aRecomendado para un público adulto | ||
| 534 | _tThe wealth of Humans | ||
| 545 | _aIncluye datos biográficos del autor en la solapa | ||
| 650 | 0 | 7 |
_aHistoria económica _2lemb _919180 |
| 650 | 0 | 7 |
_aIndustrialización _xHistoria _2lemb _964500 |
| 650 | 0 | 7 |
_aInnovaciones tecnológicas _xAspectos económicos _2LEMB _964501 |
| 650 | 0 | 7 |
_aInnovaciones tecnológicas _xAspectos sociales _2LEMB _964502 |
| 650 | 0 | 7 |
_aTecnología de la información _xAspectos económicos _2LEMB _964503 |
| 700 |
_aDeza Guil, Gemma _etrl _959925 |
||
| 942 |
_2ddc _cBK |
||
| 999 |
_c58969 _d58969 |
||